Archiv für Geschichte der Medizin

محفوظ في:

التنسيق: دورية

اللغة: Undetermined

منشور في: JSTOR
Franz Steiner Verlag

الموضوعات:

الوصول للمادة أونلاين: Login to view Source

الوسوم: إضافة وسم

لا توجد وسوم, كن أول من يضع وسما على هذه التسجيلة!

رقم الطلب:

LEADER 00507nas a2200157Ia 4500
008 220214c99999999xx |||||||||||| ||und||
022 |a 2191-3870 
245 0 0 |a Archiv für Geschichte der Medizin 
264 1 |b JSTOR 
264 1 |b Franz Steiner Verlag 
362 0 |a Vol. 1(1907)-20 (1928) 
653 1 0 |a History of Science & Technology 
856 4 0 |u https://www.jstor.org/journal/archgescmedi 
942 |c JL 
952 |0 0  |1 0  |4 0  |7 1  |9 33998  |a JSR  |b JSR  |d 2022-02-14  |l 0  |r 2022-02-14 00:00:00  |w 2022-02-14  |y JL 
999 |c 42331  |d 42331